| 000 | 00394cam a2200145ua 4500 | ||
|---|---|---|---|
| 041 |
_amal _h |
||
| 082 |
_a338 _bPAT/IN |
||
| 100 | _aPatel, Jhaverbhai . | ||
| 245 |
_aIntensive area development scheme / _cJhaverbhai Patel. _hTextual Documents |
||
| 260 |
_aMumbai : _bKhadi and Village Industries Commission , _c1961. |
||
| 300 | _a67 ; . | ||
| 504 | _a | ||
| 942 | _cBK | ||
| 999 |
_c5044 _d5044 |
||